000 00571nam a2200229Ia 4500
003 OSt
005 20220924133145.0
006 a|||||r|||| 00| 0
007 ta
008 220923b |||||||| |||| 00| 0 san d
024 _a258358
037 _cTextual
040 _aARTS
_cARTS
_bsan
041 _2san
_asan
082 _aO15,1M50,1, 111K5
100 _aArchsomyaji D.
_9205752
245 0 _aBrahmanjalinaam
260 _c1965
300 _a151p.
_ccm.
942 _hO15,1M50,1, 111K5
_cTEXL
_2CC
999 _c432765
_d432765